| 000 | 00734nam a2200193 a 4500 | ||
|---|---|---|---|
| 005 | 20200104041522.0 | ||
| 008 | 140228b1989 ||||gr|||| 00| 0 spa d | ||
| 040 |
_aCO-BoIAVH _cCO-BoIAVH |
||
| 041 | _aspa | ||
| 082 | 4 |
_a333.782 _bI43t |
|
| 111 | 2 |
_aTaller Internacional sobre Investigaciones en áreas silvestres protegidas _cIslas Galápagos _d1989 _951523 |
|
| 245 | 1 |
_aInforme taller internacional sobre investigaciones en áreas silvestres protegidas _bislas Galápagos, Ecuador 19 al 25 de marzo de 1989 |
|
| 260 |
_aIslas Galápagos _bFAO _bPNUMA _c1989 |
||
| 300 |
_a34 paginas. _c25 x 17 cm |
||
| 650 | 4 |
_aInvestigación científica _951524 |
|
| 650 | 4 |
_aAreas protegidas _978 |
|
| 662 | _cAmérica Latina | ||
| 942 |
_cLIBRO _2ddc |
||
| 999 |
_c1562 _d1562 |
||